Popular Pokemon Types - Statistics

General Stats
  • This quiz has been taken 207 times
  • The average score is 6 of 6
Answer Stats
Hint Answer % Correct
? Fire
100%
? Water
99%
? Grass
98%
? Electric
96%
? Dark
94%
? Ice
88%
No matching quizzes found
Score Distribution
Percent of People with Each Score
Percentile by Number Answered
Your Score History
You have not taken this quiz